000 00541pab a2200181 454500
008 180718b2005 xxu||||| |||| 00| 0 eng d
100 _aTyagi, Krishan
245 _aParticipation of scheduled and backward castes in panchayats: an experience of Haryana
260 _c2005
300 _ap.58-75.
650 _aScheduled caste
650 _aBackward classes - India - Haryana
650 _aPanchayat - India - Haryan
650 _aPanchayat
700 _aKaur, Amandeep
773 _aResearch Journal Social Sciences
909 _a73103
999 _c73103
_d73103